Najlepsi strzelcy Ligi Mistrzów! - Statystyki

Ogólne statystyki
  • Ten quiz został rozwiązany 2 599 razy
  • Średni wynik to 18 z 40
Statystyki odpowiedzi
Liczba goli Kraj pochodzenia Nazwisko % Poprawnych
120 Argentyna Messi
100%
134 Portugalia Ronaldo
100%
72 Polska Lewandowski
99%
41 Brazylia Neymar
80%
69 Francja Benzema
79%
25 Francja Mbappe
78%
26 Urugwaj Suarez
75%
47 Niemcy Muller
70%
34 Niemcy Muller
70%
27 Egipt Salah
70%
48 Szwecja Ibrahimovic
69%
44 WKS Drogba
65%
71 Hiszpania Raul
65%
50 Francja Henry
57%
36 Węgry Puskas
55%
35 Urugwaj Cavani
49%
30 Kamerun Etoo
45%
48 Ukraina Shevchenko
43%
46 Portugalia Eusebio
41%
25 Holandia van Persie
39%
42 Włochy Del Piero
37%
30 Anglia Rooney
37%
41 Argentyna Aguero
36%
31 Holandia Robben
35%
49 Hiszpania di Stefano
31%
28 Walia Giggs
30%
30 Brazylia Kaka
28%
46 Włochy Inzaghi
27%
27 Brazylia Rivaldo
27%
25 Francja Griezmann
24%
56 Holandia van Nistelrooy
24%
29 Francja Trezeguet
19%
25 Argentyna Crespo
17%
26 Niemcy Gomez
15%
29 Holandia Kluivert
14%
33 Hiszpania Morientes
14%
28 Francja Papin
8%
30 Hiszpania Gento
5%
29 Holandia Makaay
4%
25 Brazylia Jardel
3%
Nie znaleziono quizów pasujących do podanych kryteriów
Rozkład punktacji
Procent ludzi z każdym wynikiem
Percentyl według liczby udzielonych odpowiedzi
Twoja historia wyników
Nie rozwiązałeś tego quizu